Word 2002 : The complete reference

Bibliographic Details
Main Author: Weverka, Peter
Format: Book
Language:English
Published: New York : McGraw-Hill , c2001
Subjects:

MARC

LEADER 00000cam a2200000 7i4500
001 0000010905
005 20230720.0
008 030812 nyu eng
020 |a 0072132442 (pbk) 
040 |a INS 
090 0 0 |a Z52.5.M52   |b W489 2001 
100 1 |a Weverka, Peter 
245 1 0 |a Word 2002 :   |b The complete reference   |c Peter Wever 
260 |a New York :   |b McGraw-Hill ,   |c c2001 
300 |a xxvii, 955 p. :   |b ill. ;   |c 23 cm. 
500 |a Includes index 
650 0 |a Microsoft word 
650 0 |a Word processing 
999 |a 0000010213   |b BOOK   |c Open Shelf   |e Default branch